00422nam a2200157Ia 4500001000500000005001700005008004100022041000800063082001700071100002600088245009700114260000900211300002800220650000800248654000800256934620260306161711.0260306t2007||||xx |||||||||||||| ||spa|| aESP a378.12bB135 aBenito, ÁguedaeAUT 0aNuevas claves para la docencia universitaria:ben el espacio europeo de educación superior c2007 a141 páginas :c23 cm. aGEN aCED